| 000 | 00674cab a2200277 4500 | ||
|---|---|---|---|
| 001 | X1099 | ||
| 008 | 090401t1993 xxu||||| |||| 00| 0 eng d | ||
| 035 | _a(Sirsi) u14684 | ||
| 041 | _aeng | ||
| 100 | _aCatt, R. | ||
| 245 | _aBuilding Research Establshment update | ||
| 260 | _c1993 | ||
| 350 | _a0 | ||
| 490 |
_aCS Monthly _bthe Building Surveyor _v3(2) October 1993, 3(1) |
||
| 650 |
_aBoundary disputes _96221 |
||
| 650 | _aBOUNDARY WALLS | ||
| 650 | _aBRE | ||
| 650 | _aDISABLED PEOPLE | ||
| 650 | _aFIRE | ||
| 650 | _aFLOOD DAMAGE | ||
| 650 | _aPOINTING | ||
| 650 | _aPUBLICATIONS | ||
| 690 | _aBUILT ENVIRONMENT | ||
| 942 | _n0 | ||
| 948 | _c04/03/1997 | ||
| 999 |
_c9582 _d9582 |
||